000 01625naa a22003257a 4500
001 BR8602303
003 BR-BrBNA
005 20240918175712.0
007 ta
008 230509b bl.||||| |||| 00| 0 por d
040 _aBR-BrBNA
_bpor
_cBiblioteca Nacional de Agricultura
041 _a(Pt)
072 _aH20
_b0716
_b3875
_b4120
090 _aH20 BR8602303
100 1 _aBrackmann, A.
100 1 _aGaribaldi, N.L.
100 1 _aMauch, N.
111 1 _a8. Congresso Brasileiro de Fruticultura
_cBrasilia, DF (Brazil)
_d26-31 Jan 1986
245 1 _aAvaliacao da eficiencia de fungicidas no controle da podridao parda (Monilinia fructicola Wint)em pessegueiro
246 1 _aEfficiency of fungicides on the control of peach brown rot (Monilinia fructicola Ulint)
246 1 _a[Annals of the 8. Brazilian Congress of Fruitculture. v. 2]
260 3 _aBrasilia, DF (Brasil):
_bEMBRAPA. DDT,
_c1986.
500 _aPinto, A.C. de Q.; Genu, P.J. de C. (eds.) Anais do 8. Congresso Brasileiro de Fruticultura. v. 2 Brasilia, DF (Brasil): EMBRAPA. DDT, 1986. p. 455-458 (BR8602303-AM)H20
650 _aPESSEGO
650 _aPODRIDAO PARDA
650 _aINSETICIDA
773 0 _tAnais do 8. Congresso Brasileiro de Fruticultura. v. 2
_aPinto, A.C. de Q.; Genu, P.J. de C. (eds.). Sociedade Brasileira de Fruticultura, Brasilia, DF (Brasil);Empresa Brasileira de Pesquisa Agropecuaria, Brasilia, DF (Brasil);Conselho Nacional de Desenvolvimento Cientifico e Tecnologico, Brasilia, DF (Brasil)
_wH20 BR8602303
_gBrasilia, DF (Brasil), 1986. p. 455-458
909 _a202404
_bLucia
_c55
_dLucia Elande
942 _cAM
_2AGRIS
999 _c317803
_d317803